| 000 | 00466nam a2200181Ia 4500 | ||
|---|---|---|---|
| 005 | 20260429112214.0 | ||
| 008 | 260429s9999||||xx |||||||||||||| ||und|| | ||
| 020 | _a9789393585165 | ||
| 041 | _aEnglish | ||
| 082 |
_a330 _bSAM |
||
| 100 | _aSamal, Kishor C. | ||
| 245 | 0 |
_aBasic economic concepts / _cKishor C. Samal |
|
| 250 | _a1st ed. | ||
| 260 |
_aNew Delhi : _bRights Publications, _c2025. |
||
| 300 | _aix, 281 p.; hb | ||
| 650 | _aEconomic | ||
| 942 | _cTB | ||
| 999 |
_c52891 _d52891 |
||